000
00326nam a22001337a 4500
008
181016b xxu||||| |||| 00| 0 eng d
020
_a
0397547811
041
_a
eng
080
_2
5 ED
_a
615.83
100
_a
8
101
_a
EKZ
245
_a
Aguide Physical ExaminationAnd History Taking
_c
Bates.b
942
_2
udc
_c
BK
999
_c
49815
_d
49815